| 000 | 01026nam a2200289 a 4500 | ||
|---|---|---|---|
| 001 | 000022792 | ||
| 003 | DO-SdBNP | ||
| 005 | 20251125090852.0 | ||
| 008 | 101118s2004 dr r 000 0 spa d | ||
| 020 | _a9993448141 | ||
| 040 |
_aDO-SdBNP _bspa _cBNPHU |
||
| 082 |
_a341.481 _bH433d |
||
| 100 | 1 |
_aHeadrick, William C. _935949 |
|
| 245 | 1 | 4 |
_aLos derechos humanos en Europa y América / _cWilliam C. Headrick. |
| 260 |
_aSanto Domingo : _bUNIBE, _c2004. |
||
| 300 |
_a334 p. ; _c22 cm. |
||
| 500 | _aIncluye datos biográficos del autor en la solapa de la cubierta. | ||
| 504 | _aIncluye referencias bibliográficas y notas al pie de páginas. | ||
| 504 | _aBibliografía : p. 333-334. | ||
| 590 | _aInventariado, 2018/BT | ||
| 650 | 4 |
_aDerechos humanos _xLegislación _zEuropa _946830 |
|
| 650 | 4 |
_aDerechos humanos _xLegislación _zAmérica Latina _946831 |
|
| 650 | 4 |
_aDerechos civiles _xHistoria _946832 |
|
| 650 | 0 |
_aDerecho comparado _929704 |
|
| 910 | _aValidado. Control de calidad. EMS | ||
| 942 |
_2ddc _cLBS1 |
||
| 999 |
_c22289 _d22289 |
||